000 00969nam a2200217Ia 4500
999 _c37645
_d37645
001 3617
003 GE_BSU
005 20190626211024.0
008 181216s2009||||ge |||||||||||||| ||geo||
020 _a9789941021558
040 _cGE_BSU
041 _ageo
080 _a352/354(4) ე–35
245 _aევროპის საბჭოს რეკომენდაციები ადგილობრივი თვითმმართველობის საკითხებზე.
264 _aთბილისი :
_bშპს "პოლიგრაფი",
_c2009.
300 _a336 გვ. ;
_b29 სმ.
490 _aადგილობრივი თვითმმართველობის ბიბლიოთეკა
653 _aადგილობრივი თვითმმართველობა საქართველოში
653 _aევროპის საბჭო
942 _cBK
_2udc